Marvel Contest of Champions: Name a Valid Character - Statistics

General Stats
  • This quiz has been taken 616 times
    145 since last reset
  • The average score is 10 of 20
Answer Stats
Hint Answer % Correct
A Robot Champion Darkhawk, Dragon Man, Guillotine 2099, Nebula, Nimrod, Omega Sentinel, Sentinel, Ultron (Classic), Ultron, Vision, Vision (Age of Ultron), Viv Vision, Warlock
95%
A Skill Villain Champion Attuma, Baron Zemo, Bullseye, Crossbones, Killmonger, Kingpin, Kraven, Mole Man, Taskmaster
73%
A Mutant Villain Champion with a name that doesn't start with a vowel Cyclops (New Xavier School), Magneto, Mister Sinister, Onslaught, Sauron, Storm (Pyramid X), Stryfe, Toad
60%
A Tech Sinister Six Champion Doctor Octopus, Green Goblin, Iron Patriot, Mysterio, Shocker, Vulture
57%
A Mutant or Skill Champion whose name starts with B Baron Zemo, Beast, Bishop, Black Cat, Black Panther, Black Panther (Civil War), Black Widow, Black Widow (Deadly Origin), Blade, Bullseye
56%
A Female Skill Champion without Red in Hair Black Cat, Elektra, Gwenpool, Jabari Panther, Kate Bishop, Mantis, Misty Knight, Moondragon, Silver Sable, Squirrel Girl, Valkyrie
54%
A Science or Mystic 1-Star Champion Captain America, Hulk, Juggernaut, Scarlet Witch (Classic), Spider-Man (Classic)
51%
A Champion with a color in their name other than 'Black', 'Red', 'Scarlet', or 'Silver' Cyclops (Blue Team), Green Goblin, Goldpool, Platinumpool, White Tiger, Yellowjacket
50%
A Champion whose name starts with Y Yellowjacket, Yondu
50%
A Bleed-Immune Science Champion Luke Cage, Photon, Sandman, Thing
49%
An 'XL' Cosmic Spiderverse Champion Venom, Venom the Duck, Venompool
49%
A 'S' Tech Champion Ghost, Guillotine 2099, Ironheart, Lady Deathstrike, Nebula, Omega Sentinel, Rocket Raccoon, Shuri, Spider-Man (Stark-Enhanced), Viv Vision
46%
A Top 5 Prestige Mystic Champion Doctor Doom, Spider-Man (Supreme), The Destroyer, Kindred, Werewolf By Night
44%
An 'XL' Mystic Champion Dormammu, Dragon Man, Juggernaut, Mangog, Mojo, Sasquatch, The Destroyer
44%
A Poison-Immune Mutant Champion Dust, Iceman, Omega Red, Sauron, Toad
40%
A Non-Skill Mercenary Champion Absorbing Man, Deadpool, Deadpool (X-Force), Domino, Goldpool, Luke Cage, Nebula, Platinumpool, Sabretooth, Wolverine (Weapon X), Yondu
39%
A Top 3 Prestige Cosmic Champion The Serpent, Silver Surfer, Hercules
39%
A Non-Mutant X-Men Champion Longshot, Magik, Phoenix, Unstoppable Colossus
37%
A Science Metal Champion Ant-Man, Cassie Lang, Hulk (Ragnarok), M.O.D.O.K., Scorpion, Wasp, Yellowjacket
32%
A Cosmic or Tech Champion not available as a 6-star Ultron (Classic)
22%
No matching quizzes found
Score Distribution
Percent of People with Each Score
Percentile by Number Answered
Your Score History
You have not taken this quiz since the last reset